[Event "XtraCon-Skakligaen"]
[Site "Denmark"]
[Date "2010.11.06"]
[Round "1.1"]
[White "Aagaard, Jacob"]
[Black "Hoi, Carsten"]
[Result "1-0"]
[WhiteElo "2534"]
[BlackElo "2413"]
[PlyCount "147"]
[EventDate "2010.11.06"]
[EventType "team-tourn"]
[EventRounds "9"]
[WhiteTeam "Sydostfyn"]
[BlackTeam "Bronshoj"]
[WhiteTeamCountry "DEN"]
[BlackTeamCountry "DEN"]

1. e4 g6 2. d4 Bg7 3. Nc3 d6 4. Be3 c6 5. Qd2 b5 6. Bd3 Nd7 7. Nf3 Nb6 8. b3
Bg4 9. a4 bxa4 10. Nxa4 Bxf3 11. gxf3 Nf6 12. e5 dxe5 13. dxe5 Nfd5 14. f4 O-O
15. Nc5 Nxe3 16. fxe3 Qd5 17. Be4 Qxd2+ 18. Kxd2 f6 19. Ne6 Rfc8 20. f5 Nd7 21.
fxg6 hxg6 22. exf6 Bxf6 23. Ra6 Ne5 24. Rha1 Kf7 25. Nd4 Rh8 26. Rh1 Rad8 27.
Ke2 c5 28. Ne6 Rd6 29. Nxc5 Rh4 30. Rxa7 Ng4 31. Nb7 Rb6 32. h3 Nh6 33. Nc5 Rb5
34. Bd5+ Kg7 35. Ne6+ Kh7 36. Nc7 Rb6 37. Bg2 Nf5 38. Nd5 Re6 39. Nxf6+ Rxf6
40. Rd1 Kh6 41. Rd8 Re6 42. Rh8+ Kg5 43. Rxh4 Rxe3+ 44. Kd2 Kxh4 45. Ra4+ Kg5
46. Rg4+ Kf6 47. b4 Ra3 48. b5 Nd6 49. b6 Ra6 50. c4 Rxb6 51. c5 Rb2+ 52. Kc3
Rf2 53. cxd6 exd6 54. h4 Rf5 55. Be4 Rc5+ 56. Kd4 g5 57. h5 Kg7 58. Rg1 Kh6 59.
Bg6 Re5 60. Rf1 g4 61. Rf6 Re1 62. Be8+ Kg5 63. Rg6+ Kf4 64. Bd7 Rd1+ 65. Kc3
g3 66. Rg4+ Kf3 67. h6 d5 68. Rg6 Rh1 69. Be6 Ke4 70. Bg8 d4+ 71. Kc4 Rc1+ 72.
Kb4 d3 73. h7 Rh1 74. Rg4+ 1-0

[Event "XtraCon-Skakligaen"]
[Site "Denmark"]
[Date "2010.11.06"]
[Round "1.2"]
[White "Pilgaard, Kim"]
[Black "Schandorff, Lars"]
[Result "1/2-1/2"]
[WhiteElo "2431"]
[BlackElo "2488"]
[PlyCount "36"]
[EventDate "2010.11.06"]
[EventType "team-tourn"]
[EventRounds "9"]
[WhiteTeam "Bronshoj"]
[BlackTeam "Sydostfyn"]
[WhiteTeamCountry "DEN"]
[BlackTeamCountry "DEN"]

1. e4 c6 2. d4 d5 3. e5 Bf5 4. Nf3 e6 5. Be2 c5 6. Be3 cxd4 7. Nxd4 Ne7 8. Bg5
Qd7 9. Bxe7 Bxe7 10. Nxf5 exf5 11. Bf3 d4 12. O-O O-O 13. Re1 Rd8 14. c3 Nc6
15. cxd4 Nxd4 16. Nc3 Bb4 17. a3 Bxc3 18. bxc3 Nxf3+ 1/2-1/2

[Event "XtraCon-Skakligaen"]
[Site "Denmark"]
[Date "2010.11.06"]
[Round "1.3"]
[White "Brunello, Sabino"]
[Black "Bromann, Thorbjorn"]
[Result "1-0"]
[WhiteElo "2544"]
[BlackElo "2433"]
[PlyCount "69"]
[EventDate "2010.11.06"]
[EventType "team-tourn"]
[EventRounds "9"]
[WhiteTeam "Sydostfyn"]
[BlackTeam "Bronshoj"]
[WhiteTeamCountry "DEN"]
[BlackTeamCountry "DEN"]

1. d4 c5 2. d5 g6 3. e4 d6 4. Nc3 Bg7 5. Bd3 a6 6. a4 e5 7. h4 h5 8. Nge2 Ne7
9. Bg5 Nd7 10. Qd2 b6 11. Nb1 Nf6 12. Na3 Bd7 13. Nc3 Nh7 14. Bh6 Bf6 15. Nc4
Nc8 16. g3 g5 17. hxg5 Nxg5 18. Bxg5 Bxg5 19. Ne3 h4 20. gxh4 Rxh4 21. O-O-O b5
22. Rxh4 Bxh4 23. Rg1 Bg5 24. Qe2 b4 25. Ncd1 Qf6 26. Bxa6 Bxa4 27. Bb7 Rb8 28.
Bc6+ Bxc6 29. dxc6 Ne7 30. Qh5 Bxe3+ 31. Nxe3 Nxc6 32. Nd5 Qxf2 33. Rg8+ Kd7
34. Qh3+ f5 35. Qh7+ 1-0

[Event "XtraCon-Skakligaen"]
[Site "Denmark"]
[Date "2010.11.06"]
[Round "1.6"]
[White "Palm, Nikolaj"]
[Black "Sorensen, Torben N"]
[Result "1-0"]
[WhiteElo "2275"]
[BlackElo "2403"]
[PlyCount "70"]
[EventDate "2010.11.06"]
[EventType "team-tourn"]
[EventRounds "9"]
[WhiteTeam "Bronshoj"]
[BlackTeam "Sydostfyn"]
[WhiteTeamCountry "DEN"]
[BlackTeamCountry "DEN"]

1. d4 f5 2. Nf3 Nf6 3. e3 g6 4. Bd3 Bg7 5. O-O O-O 6. Nbd2 d6 7. c3 Nc6 8. b4
a6 9. Qb3+ e6 10. Bb2 Kh8 11. c4 Qe7 12. a4 e5 13. b5 e4 14. bxc6 bxc6 15. Be2
exf3 16. Bxf3 Ne4 17. Qc2 Ng5 18. Bxc6 Rb8 19. Bc3 f4 20. exf4 Ne6 21. Rae1 Qf6
22. Nf3 Nxf4 23. Re3 d5 24. cxd5 Bf5 25. Qd2 Bh6 26. d6 Qxd6 27. d5+ Bg7 28.
Bxg7+ Kxg7 29. Qd4+ Kg8 30. Rfe1 Rb1 31. Ne5 Ne6 32. Qh4 Rxe1+ 33. Rxe1 Nc5 34.
Nc4 Qd8 35. Qd4 Qd6 1-0

[Event "XtraCon-Skakligaen"]
[Site "Denmark"]
[Date "2010.11.06"]
[Round "1.7"]
[White "Borbjerggaard, Lars"]
[Black "Ligaard, Morten Lund"]
[Result "1/2-1/2"]
[WhiteElo "2338"]
[BlackElo "2235"]
[PlyCount "49"]
[EventDate "2010.11.06"]
[EventType "team-tourn"]
[EventRounds "9"]
[WhiteTeam "Sydostfyn"]
[BlackTeam "Bronshoj"]
[WhiteTeamCountry "DEN"]
[BlackTeamCountry "DEN"]

1. d4 d5 2. c4 c6 3. cxd5 cxd5 4. Nf3 Nc6 5. Nc3 Nf6 6. Bf4 Qb6 7. Na4 Qa5+ 8.
Bd2 Qc7 9. Rc1 e6 10. Ne5 Ne4 11. e3 Bd6 12. f4 Qe7 13. g3 O-O 14. Nxc6 bxc6
15. Bd3 Nxd2 16. Qxd2 Bb4 17. Nc3 c5 18. a3 cxd4 19. axb4 dxc3 20. bxc3 a5 21.
Ra1 Bb7 22. O-O Qc7 23. Be2 Rfc8 24. Rfc1 h6 25. Kf2 1/2-1/2

[Event "XtraCon-Skakligaen"]
[Site "Denmark"]
[Date "2010.11.06"]
[Round "1.8"]
[White "Pedersen, Peter Brondt"]
[Black "Nordenbaek, Jan"]
[Result "0-1"]
[WhiteElo "2147"]
[BlackElo "2271"]
[PlyCount "128"]
[EventDate "2010.11.06"]
[EventType "team-tourn"]
[EventRounds "9"]
[WhiteTeam "Bronshoj"]
[BlackTeam "Sydostfyn"]
[WhiteTeamCountry "DEN"]
[BlackTeamCountry "DEN"]

1. Nf3 Nf6 2. d4 e6 3. e3 b6 4. Bd3 Bb7 5. O-O Be7 6. b3 O-O 7. Nbd2 d5 8. Ne5
Ne4 9. f3 Nxd2 10. Bxd2 f6 11. Ng4 c5 12. Kh1 Nc6 13. dxc5 f5 14. Nf2 Bxc5 15.
Qe2 Qh4 16. Ba6 Bxa6 17. Qxa6 Rac8 18. f4 Rc7 19. Nd3 Bd6 20. Qa4 Qe7 21. b4
Rfc8 22. Rac1 Nb8 23. Qb3 Nd7 24. Be1 b5 25. c3 Nb6 26. Rf2 Rc4 27. Re2 Na4 28.
Rec2 Qc7 29. Kg1 h6 30. a3 e5 31. g3 g5 32. fxg5 hxg5 33. Nb2 Nxb2 34. Qxb2 d4
35. exd4 exd4 36. Rf2 f4 37. Qe2 Be5 38. gxf4 Bxf4 39. Bd2 dxc3 40. Bxf4 Rxf4
41. Qe6+ Kh8 42. Rxf4 gxf4 43. Qh3+ Kg7 44. Qg4+ Kh7 45. Qh3+ Kg8 46. Qe6+ Kf8
47. Qf5+ Kg7 48. Rd1 Rg8 49. Kf1 Kh8 50. Qh3+ Qh7 51. Qxh7+ Kxh7 52. Rc1 Rc8
53. Ke2 Kg6 54. Kd3 Kf5 55. h3 Rh8 56. Rh1 Rh4 57. Kxc3 f3 58. Kd2 Kf4 59. Rc1
Kg3 60. Rc7 Rxh3 61. Ke3 Kg2 62. Rg7+ Kf1 63. Rxa7 f2+ 64. Kd2 Kg2 0-1

[Event "XtraCon-Skakligaen"]
[Site "Denmark"]
[Date "2010.11.06"]
[Round "1.1"]
[White "Rasmussen, Allan Stig"]
[Black "Rasmussen, Karsten"]
[Result "1-0"]
[WhiteElo "2538"]
[BlackElo "2451"]
[PlyCount "59"]
[EventDate "2010.11.06"]
[EventType "team-tourn"]
[EventRounds "9"]
[WhiteTeam "Jetsmark"]
[BlackTeam "Aarhus/Skolerne"]
[WhiteTeamCountry "DEN"]
[BlackTeamCountry "DEN"]

1. e4 c6 2. d4 d5 3. Nc3 dxe4 4. Nxe4 Bf5 5. Ng3 Bg6 6. h4 h6 7. Nf3 Nd7 8. h5
Bh7 9. Bd3 Bxd3 10. Qxd3 e6 11. Bd2 Ngf6 12. O-O-O Be7 13. Qe2 O-O 14. Nf1 Nb6
15. c4 Qc7 16. g4 c5 17. g5 hxg5 18. Bxg5 cxd4 19. Rxd4 Rfd8 20. Rdh4 Rac8 21.
N1d2 Nbd7 22. Rg1 Nc5 23. Kb1 Nd3 24. Nd4 Nb4 25. h6 Qa5 26. a3 Rxd4 27. Rxd4
Qf5+ 28. Ne4 Nc6 29. Bxf6 Bxf6 30. Rd3 1-0

[Event "XtraCon-Skakligaen"]
[Site "Denmark"]
[Date "2010.11.06"]
[Round "1.2"]
[White "Skytte, Rasmus"]
[Black "Pedersen, Christian Kyndel"]
[Result "1/2-1/2"]
[WhiteElo "2409"]
[BlackElo "2435"]
[PlyCount "40"]
[EventDate "2010.11.06"]
[EventType "team-tourn"]
[EventRounds "9"]
[WhiteTeam "Aarhus/Skolerne"]
[BlackTeam "Jetsmark"]
[WhiteTeamCountry "DEN"]
[BlackTeamCountry "DEN"]

1. e4 c6 2. c4 d5 3. exd5 cxd5 4. cxd5 Nf6 5. Nc3 Nxd5 6. Nf3 Nxc3 7. bxc3 g6
8. Be2 Bg7 9. O-O O-O 10. d4 Qc7 11. Qb3 Nc6 12. Bg5 Be6 13. Qa3 Bd5 14. Rfd1
Rfe8 15. Rab1 Rad8 16. Nd2 b6 17. Bb5 Be6 18. Bh4 Bd7 19. Bg3 Qb7 20. Nb3 Nb8
1/2-1/2

[Event "XtraCon-Skakligaen"]
[Site "Denmark"]
[Date "2010.11.06"]
[Round "1.3"]
[White "Glud, Jakob Vang"]
[Black "Sorensen, Jan"]
[Result "1-0"]
[WhiteElo "2474"]
[BlackElo "2411"]
[PlyCount "156"]
[EventDate "2010.11.06"]
[EventType "team-tourn"]
[EventRounds "9"]
[WhiteTeam "Jetsmark"]
[BlackTeam "Aarhus/Skolerne"]
[WhiteTeamCountry "DEN"]
[BlackTeamCountry "DEN"]

1. c4 c5 2. g3 g6 3. Bg2 Bg7 4. Nc3 Nc6 5. Nf3 d6 6. O-O Qd7 7. a3 b6 8. Rb1
Bb7 9. d3 e6 10. Bd2 Nge7 11. b4 O-O 12. e3 Ne5 13. Nxe5 Bxe5 14. Bxb7 Qxb7 15.
Qe2 Rac8 16. Rfc1 Rfd8 17. Be1 Bg7 18. Nb5 Qd7 19. Bc3 Bxc3 20. Nxc3 d5 21.
bxc5 Rxc5 22. Qb2 f5 23. cxd5 Nxd5 24. Ne2 Rdc8 25. Rxc5 Rxc5 26. Rc1 Rxc1+ 27.
Qxc1 b5 28. Qc5 a6 29. Nd4 Nc7 30. h4 Kf7 31. Nf3 Qe7 32. Ne5+ Kf8 33. Qc6 Kg7
34. Nd7 Nd5 35. Nc5 Kf7 36. d4 Nc7 37. Nd7 Qd8 38. Nc5 Qe7 39. Kg2 Qd8 40. Kg1
Qe7 41. Nxa6 Nxa6 42. Qxa6 b4 43. axb4 Qxb4 44. Qa7+ Kg8 45. Qa8+ Kg7 46. Qc6
Qb3 47. Kg2 Kf7 48. Qd7+ Kg8 49. h5 gxh5 50. Qe8+ Kg7 51. Qxh5 h6 52. Qf3 Qd3
53. Qb7+ Kg6 54. Qc6 Kf6 55. Qa8 Kg7 56. Qf3 Kg6 57. Qf4 h5 58. Qe5 Kf7 59. Qh8
Qe4+ 60. Kg1 Qb1+ 61. Kh2 Qd1 62. Qh7+ Kf6 63. Qh6+ Kf7 64. Kg2 Qe2 65. Qf4 Kg6
66. Qf3 Qd3 67. Kh3 Qf1+ 68. Kh4 Kf6 69. e4 Qg1 70. e5+ Kg7 71. d5 Qe1 72. dxe6
Qxe5 73. Qe3 Qxe3 74. fxe3 Kf6 75. Kxh5 Kxe6 76. Kg6 Ke5 77. Kf7 Kd5 78. Kf6
Ke4 1-0

[Event "XtraCon-Skakligaen"]
[Site "Denmark"]
[Date "2010.11.06"]
[Round "1.4"]
[White "Christensen, Tobias"]
[Black "Christensen, Stefan"]
[Result "1/2-1/2"]
[WhiteElo "2366"]
[BlackElo "2262"]
[PlyCount "45"]
[EventDate "2010.11.06"]
[EventType "team-tourn"]
[EventRounds "9"]
[WhiteTeam "Aarhus/Skolerne"]
[BlackTeam "Jetsmark"]
[WhiteTeamCountry "DEN"]
[BlackTeamCountry "DEN"]

1. d4 Nf6 2. c4 e6 3. Nf3 b6 4. g3 Bb7 5. Bg2 Be7 6. Nc3 Ne4 7. Nxe4 Bxe4 8.
O-O O-O 9. Bd2 d5 10. cxd5 Qxd5 11. Bc3 Nd7 12. Ne1 Bxg2 13. Nxg2 Nf6 14. f3 c5
15. e4 Qb7 16. dxc5 Bxc5+ 17. Kh1 Rfd8 18. Qe2 Bd4 19. Rac1 h6 20. Rfd1 Bxc3
21. Rxc3 Rxd1+ 22. Qxd1 Rc8 23. Rxc8+ 1/2-1/2

[Event "XtraCon-Skakligaen"]
[Site "Denmark"]
[Date "2010.11.06"]
[Round "1.5"]
[White "Wiwe, Andreas"]
[Black "Rendboe, John Filip"]
[Result "1-0"]
[WhiteElo "2255"]
[BlackElo "2280"]
[PlyCount "71"]
[EventDate "2010.11.06"]
[EventType "team-tourn"]
[EventRounds "9"]
[WhiteTeam "Jetsmark"]
[BlackTeam "Aarhus/Skolerne"]
[WhiteTeamCountry "DEN"]
[BlackTeamCountry "DEN"]

1. e4 c5 2. Nf3 Nc6 3. d4 cxd4 4. Nxd4 e5 5. Nb5 Nf6 6. N1c3 d6 7. Bg5 a6 8.
Na3 b5 9. Nd5 Be7 10. Bxf6 Bxf6 11. c3 O-O 12. Nc2 Rb8 13. h4 a5 14. Nce3 g6
15. Nxf6+ Qxf6 16. Nd5 Qd8 17. h5 Be6 18. Be2 b4 19. Qd2 g5 20. h6 f6 21. Ne3
Ne7 22. O-O bxc3 23. bxc3 d5 24. exd5 Nxd5 25. Bc4 Nf4 26. Bxe6+ Nxe6 27. Qc2
Qe8 28. Qf5 Nf4 29. Rfd1 Ne2+ 30. Kf1 Nxc3 31. Rd7 Rf7 32. Ng4 Rb6 33. Rxf7
Kxf7 34. Qxh7+ Ke6 35. Qd3 Qh5 36. Qxc3 1-0

[Event "XtraCon-Skakligaen"]
[Site "Denmark"]
[Date "2010.11.06"]
[Round "1.6"]
[White "Pedersen, Finn"]
[Black "Baekgaard, Martin"]
[Result "0-1"]
[WhiteElo "2303"]
[BlackElo "2263"]
[PlyCount "138"]
[EventDate "2010.11.06"]
[EventType "team-tourn"]
[EventRounds "9"]
[WhiteTeam "Aarhus/Skolerne"]
[BlackTeam "Jetsmark"]
[WhiteTeamCountry "DEN"]
[BlackTeamCountry "DEN"]

1. d4 d5 2. c4 e6 3. Nf3 Nf6 4. Bg5 Bb4+ 5. Nbd2 dxc4 6. Qa4+ Nc6 7. a3 Bxd2+
8. Bxd2 Qd5 9. e3 b5 10. Qc2 Bb7 11. a4 a6 12. Be2 O-O 13. O-O Ne4 14. Rfc1 e5
15. dxe5 Nxd2 16. Qxd2 Qxd2 17. Nxd2 Nxe5 18. b3 Rad8 19. Ra2 Nd3 20. Bxd3 Rxd3
21. bxc4 Rfd8 22. Nf1 b4 23. f3 a5 24. Kf2 Ba6 25. e4 Kf8 26. Ke2 Rc3 27. Rxc3
bxc3 28. Ne3 Rd4 29. Rc2 Bxc4+ 30. Nxc4 Rxc4 31. Kd3 Rxa4 32. Kxc3 Ke7 33. Kb3
Rb4+ 34. Ka3 Kd6 35. e5+ Kxe5 36. Rxc7 Rf4 37. Re7+ Kd5 38. Kb3 g6 39. Ra7 a4+
40. Kc3 h5 41. Ra5+ Kc6 42. Ra8 Rh4 43. h3 Rf4 44. Rc8+ Kd5 45. Rd8+ Ke5 46.
Ra8 Kf5 47. Ra5+ Kf6 48. Rb5 Rf5 49. Rb6+ Kg5 50. Ra6 Rf4 51. Kd3 Kh4 52. Ke3
Kg3 53. Ra5 f6 54. Rc5 g5 55. Rc2 Rb4 56. Ra2 h4 57. Kd3 a3 58. Ke3 Ra4 59. Kd3
Rb4 60. Ke3 f5 61. Rxa3 Kxg2 62. Ra2+ Kg3 63. Ra1 Rb3+ 64. Ke2 Rb2+ 65. Ke3
Kxh3 66. Ra5 g4 67. Rxf5 g3 68. Rg5 Kh2 69. Rg4 h3 0-1

[Event "XtraCon-Skakligaen"]
[Site "Denmark"]
[Date "2010.11.06"]
[Round "1.7"]
[White "Jensen, Bjarke"]
[Black "Rewitz, Poul"]
[Result "1/2-1/2"]
[WhiteElo "2258"]
[BlackElo "2296"]
[PlyCount "83"]
[EventDate "2010.11.06"]
[EventType "team-tourn"]
[EventRounds "9"]
[WhiteTeam "Jetsmark"]
[BlackTeam "Aarhus/Skolerne"]
[WhiteTeamCountry "DEN"]
[BlackTeamCountry "DEN"]

1. e4 c6 2. d4 d5 3. e5 Bf5 4. Be3 e6 5. Nd2 Bb4 6. c3 Ba5 7. h4 h6 8. g4 Bh7
9. Ne2 Ne7 10. Ng3 Nd7 11. f4 f6 12. exf6 Nxf6 13. g5 Ne4 14. Ndxe4 dxe4 15.
gxh6 gxh6 16. Qh5+ Kd7 17. Bh3 Nd5 18. Qf7+ Qe7 19. Bxe6+ Kd6 20. Bxd5 cxd5 21.
Nf5+ Bxf5 22. Qxf5 Raf8 23. Qe5+ Qxe5 24. fxe5+ Ke6 25. Ke2 Bd8 26. Rag1 Rfg8
27. h5 Bg5 28. Bxg5 hxg5 29. Ke3 b5 30. h6 Rg6 31. h7 Kf7 32. Rh5 a5 33. Rg2
Rg7 34. Rf2+ Kg6 35. Rhh2 Rgxh7 36. Rf6+ Kg7 37. Rhf2 Rh3+ 38. Ke2 Rh2 39. Rf7+
Kg6 40. R7f6+ Kg7 41. Rf7+ Kg6 42. R7f6+ 1/2-1/2

[Event "XtraCon-Skakligaen"]
[Site "Denmark"]
[Date "2010.11.06"]
[Round "1.8"]
[White "Hagen, Kresten Skytte"]
[Black "Rathlev, Jakob"]
[Result "1-0"]
[WhiteElo "2169"]
[BlackElo "2258"]
[PlyCount "85"]
[EventDate "2010.11.06"]
[EventType "team-tourn"]
[EventRounds "9"]
[WhiteTeam "Aarhus/Skolerne"]
[BlackTeam "Jetsmark"]
[WhiteTeamCountry "DEN"]
[BlackTeamCountry "DEN"]

1. Nf3 e6 2. c4 f5 3. g3 Nf6 4. Bg2 c6 5. O-O d5 6. d3 Bd6 7. Nc3 O-O 8. e4
fxe4 9. dxe4 Nxe4 10. Nxe4 dxe4 11. Ng5 Qe7 12. Nxe4 Be5 13. Qe2 Nd7 14. Be3
Re8 15. Rad1 b6 16. Bg5 Qf7 17. Nd6 Bxd6 18. Rxd6 Bb7 19. Rfd1 Nf6 20. Bh3 Bc8
21. Rxc6 h6 22. Bxf6 Qxf6 23. Re1 Kf7 24. Qe4 Rb8 25. Rc7+ Re7 26. Qc6 Bb7 27.
Rxe7+ Qxe7 28. Qxe6+ Qxe6 29. Bxe6+ Kf6 30. Bd5 Bxd5 31. cxd5 Rc8 32. d6 Rd8
33. Rd1 Rd7 34. Kg2 g5 35. Kf3 Kf5 36. h3 h5 37. Rd5+ Kf6 38. Ke4 a6 39. Rf5+
Kg6 40. Rd5 Kf6 41. g4 hxg4 42. hxg4 b5 43. Rf5+ 1-0

[Event "XtraCon-Skakligaen"]
[Site "Denmark"]
[Date "2010.11.07"]
[Round "2.1"]
[White "Matthiesen, Arne"]
[Black "Nilsson, Sebastian"]
[Result "1/2-1/2"]
[WhiteElo "2315"]
[BlackElo "2344"]
[PlyCount "55"]
[EventDate "2010.11.06"]
[EventType "team-tourn"]
[EventRounds "9"]
[WhiteTeam "SK1968"]
[BlackTeam "K41"]
[WhiteTeamCountry "DEN"]
[BlackTeamCountry "DEN"]

1. d4 Nf6 2. Nf3 g6 3. c4 Bg7 4. g3 O-O 5. Bg2 d6 6. Nc3 Nc6 7. O-O a6 8. Re1
Re8 9. h3 Bd7 10. e4 e5 11. dxe5 Nxe5 12. Nxe5 dxe5 13. Be3 Be6 14. Qe2 Nd7 15.
Red1 c6 16. c5 Qe7 17. Nd5 cxd5 18. exd5 Nxc5 19. dxe6 Nxe6 20. Qf3 Nd8 21. Qd5
Nc6 22. Bc5 Qc7 23. Qd7 Rac8 24. Qxc7 Rxc7 25. Bb6 Rce7 26. Bc5 Rc7 27. Bb6
Rce7 28. Bc5 1/2-1/2

[Event "XtraCon-Skakligaen"]
[Site "Denmark"]
[Date "2010.11.07"]
[Round "2.2"]
[White "Bejtovic, Jasmin"]
[Black "Matthiesen, Martin"]
[Result "1-0"]
[WhiteElo "2405"]
[BlackElo "2271"]
[PlyCount "133"]
[EventDate "2010.11.06"]
[EventType "team-tourn"]
[EventRounds "9"]
[WhiteTeam "K41"]
[BlackTeam "SK1968"]
[WhiteTeamCountry "DEN"]
[BlackTeamCountry "DEN"]

1. e4 c5 2. Nf3 d6 3. d4 cxd4 4. Nxd4 Nf6 5. Nc3 a6 6. Bc4 e6 7. Bb3 b5 8. O-O
Be7 9. Qf3 Qb6 10. Be3 Qb7 11. Qg3 O-O 12. f3 Nbd7 13. Nd5 Bd8 14. Nxf6+ Bxf6
15. c3 Ne5 16. Rad1 Qc7 17. Rfe1 Qe7 18. Qf2 Bb7 19. Bc1 Bh4 20. g3 Bf6 21. f4
Nd7 22. Nf3 Rfd8 23. Bc2 g6 24. Be3 Rac8 25. Rd2 b4 26. cxb4 Bxb2 27. Bd4 Bxd4
28. Qxd4 e5 29. Qd3 Nf6 30. Rde2 Qc7 31. Bb3 Qb6+ 32. Qe3 Qxe3+ 33. Rxe3 Re8
34. fxe5 dxe5 35. Ng5 Re7 36. Rf1 Kg7 37. Ref3 Rc6 38. Nxh7 Kxh7 39. Rxf6 Rxf6
40. Rxf6 Kg7 41. Rd6 a5 42. bxa5 Bxe4 43. Kf2 f5 44. a6 Rc7 45. h4 Bh1 46. Ba4
Kh6 47. Rd7 Rc5 48. Bb3 Be4 49. a7 Ra5 50. Re7 Kh5 51. Rh7+ Kg4 52. Rg7 Kh5 53.
Ke3 Kh6 54. Rd7 g5 55. Rd6+ Kh5 56. Bd1+ g4 57. Bb3 Rxa7 58. Rf6 f4+ 59. Kxe4
fxg3 60. Rf1 Ra5 61. Rh1 g2 62. Bf7+ Kh6 63. Rg1 Ra7 64. Be6 Ra6 65. Kxe5 Kh5
66. Rxg2 Ra5+ 67. Kd4 1-0

[Event "XtraCon-Skakligaen"]
[Site "Denmark"]
[Date "2010.11.07"]
[Round "2.3"]
[White "Hansen, Lars"]
[Black "Greger, Roland Reinhard"]
[Result "0-1"]
[WhiteElo "2252"]
[BlackElo "2389"]
[PlyCount "40"]
[EventDate "2010.11.06"]
[EventType "team-tourn"]
[EventRounds "9"]
[WhiteTeam "SK1968"]
[BlackTeam "K41"]
[WhiteTeamCountry "DEN"]
[BlackTeamCountry "DEN"]

1. e4 e6 2. d3 c5 3. g3 Nc6 4. Bg2 g6 5. f4 d6 6. Nf3 Bg7 7. O-O Nge7 8. c3 b5
9. d4 cxd4 10. cxd4 Qb6 11. Be3 e5 12. fxe5 dxe5 13. Bf2 exd4 14. e5 Bg4 15.
Nbd2 Rd8 16. Nxd4 Qxd4 17. Qc2 Qxd2 18. Bxc6+ Nxc6 19. Qxc6+ Qd7 20. Qc5 Qd5
0-1

[Event "XtraCon-Skakligaen"]
[Site "Denmark"]
[Date "2010.11.07"]
[Round "2.5"]
[White "Hansen, Bjarne"]
[Black "Hagen, Andreas Skytte"]
[Result "0-1"]
[WhiteElo "2238"]
[BlackElo "2290"]
[PlyCount "54"]
[EventDate "2010.11.06"]
[EventType "team-tourn"]
[EventRounds "9"]
[WhiteTeam "SK1968"]
[BlackTeam "K41"]
[WhiteTeamCountry "DEN"]
[BlackTeamCountry "DEN"]

1. d4 Nf6 2. Bg5 e6 3. Nf3 h6 4. Bh4 c5 5. c3 b6 6. e3 Be7 7. Nbd2 Bb7 8. Qc2
cxd4 9. exd4 d6 10. O-O-O Nc6 11. Bxf6 Bxf6 12. d5 exd5 13. Bb5 O-O 14. Bxc6
Bxc6 15. Nb3 b5 16. Nbd4 Bd7 17. Qd3 Qb6 18. Rd2 b4 19. cxb4 Qxb4 20. h3 Rfc8+
21. Kb1 Rc4 22. Ka1 Rac8 23. Rb1 a5 24. Nc2 Qb7 25. Na3 R4c5 26. Nd4 Bxd4 27.
Qxd4 Bf5 0-1

[Event "XtraCon-Skakligaen"]
[Site "Denmark"]
[Date "2010.11.07"]
[Round "2.6"]
[White "Schmidt, Kristen"]
[Black "Sorensen, Kristine Thornvig"]
[Result "1-0"]
[WhiteElo "2280"]
[BlackElo "2113"]
[PlyCount "103"]
[EventDate "2010.11.06"]
[EventType "team-tourn"]
[EventRounds "9"]
[WhiteTeam "K41"]
[BlackTeam "SK1968"]
[WhiteTeamCountry "DEN"]
[BlackTeamCountry "DEN"]

1. e4 c5 2. Nf3 d6 3. d4 cxd4 4. Nxd4 Nf6 5. Nc3 Nc6 6. h3 e5 7. Nf3 h6 8. Bc4
Be7 9. Qe2 a6 10. Nd5 O-O 11. Nxf6+ Bxf6 12. O-O Qc7 13. Be3 Bd7 14. Rfd1 Rac8
15. Bd5 Ne7 16. Bb3 Bc6 17. Nd2 b5 18. c4 Qb7 19. f3 Rfd8 20. Rac1 b4 21. Qf2
Ng6 22. Nf1 Bg5 23. Rc2 Bxe3 24. Nxe3 Ne7 25. Rcd2 Qc7 26. Rd3 Rd7 27. Qc2 Rcd8
28. Ba4 Qa5 29. Bb3 Qc5 30. Kh2 h5 31. Ba4 Qa5 32. Bxc6 Nxc6 33. b3 Nd4 34. Qd2
f6 35. Nd5 Rb8 36. f4 Qc5 37. Rg3 Kf7 38. Rf1 Rh8 39. Nxb4 exf4 40. Rxf4 Ne2
41. Qxe2 Qxb4 42. Qd3 Qc5 43. Rf5 Qc6 44. Rd5 Re8 45. Qf3 g6 46. Qf4 Rdd8 47.
Rgd3 Re5 48. c5 g5 49. Qf2 Rxd5 50. Rxd5 Qc7 51. Rxg5 Re8 52. Qf4 1-0

[Event "XtraCon-Skakligaen"]
[Site "Denmark"]
[Date "2010.11.07"]
[Round "2.7"]
[White "Larsen, Pelle O"]
[Black "Christensen, Bo Garner"]
[Result "0-1"]
[WhiteElo "2144"]
[BlackElo "2254"]
[PlyCount "62"]
[EventDate "2010.11.06"]
[EventType "team-tourn"]
[EventRounds "9"]
[WhiteTeam "SK1968"]
[BlackTeam "K41"]
[WhiteTeamCountry "DEN"]
[BlackTeamCountry "DEN"]

1. Nf3 Nf6 2. c4 g6 3. b4 a5 4. b5 Bg7 5. Bb2 O-O 6. e3 d6 7. d4 Nbd7 8. Be2
Ne4 9. Nbd2 f5 10. Nxe4 fxe4 11. Nd2 e5 12. Nxe4 Qh4 13. Ng3 e4 14. O-O Nf6 15.
Qc2 Bd7 16. c5 d5 17. c6 bxc6 18. bxc6 Bg4 19. f3 exf3 20. Bxf3 Bxf3 21. gxf3
Rfe8 22. Rae1 Bh6 23. e4 Bf4 24. Qg2 Kh8 25. Kh1 Re6 26. exd5 Rxe1 27. Rxe1
Nxd5 28. Re5 Bxe5 29. dxe5 Rb8 30. e6+ Kg8 31. Qd2 Qc4 0-1

[Event "XtraCon-Skakligaen"]
[Site "Denmark"]
[Date "2010.11.07"]
[Round "2.8"]
[White "Naes, Flovin Tor"]
[Black "Danstrup, Niels"]
[Result "1-0"]
[WhiteElo "2231"]
[BlackElo "2142"]
[PlyCount "139"]
[EventDate "2010.11.06"]
[EventType "team-tourn"]
[EventRounds "9"]
[WhiteTeam "K41"]
[BlackTeam "SK1968"]
[WhiteTeamCountry "DEN"]
[BlackTeamCountry "DEN"]

1. c4 e5 2. e3 d6 3. d4 Nd7 4. Nc3 c6 5. g3 Ngf6 6. Bg2 Be7 7. Nge2 O-O 8. O-O
Re8 9. b3 Qc7 10. Bb2 Nf8 11. Rc1 Bd7 12. Qc2 Qc8 13. Rfd1 Bf5 14. e4 Bh3 15.
Bh1 Ng6 16. d5 c5 17. a3 Rf8 18. Na4 Ng4 19. Qd3 f5 20. f3 fxe4 21. Qxe4 Nh6
22. Bg2 Bxg2 23. Kxg2 Qf5 24. h3 Qxe4 25. fxe4 Nf7 26. Rf1 Ng5 27. Nac3 Rxf1
28. Rxf1 Nf8 29. Bc1 Nf7 30. Ng1 b6 31. Be3 Rb8 32. Nf3 Nd7 33. Rb1 Kf8 34. Kf2
Ke8 35. b4 Rc8 36. Nd2 Bg5 37. Bxg5 Nxg5 38. Nb5 Nf7 39. Nxa7 Ra8 40. Nb5 Ra4
41. Rb3 cxb4 42. axb4 Ra2 43. Ke3 Ke7 44. Ra3 Rc2 45. Ra1 Ng5 46. Kd3 Rxd2+ 47.
Kxd2 Nxe4+ 48. Kd3 Nxg3 49. Ra7 Nh5 50. h4 Nf4+ 51. Ke4 Ng6 52. Nc7 Nxh4 53.
Na8 Kd8 54. Rb7 Kc8 55. Rc7+ Kd8 56. Rc6 Ke7 57. Nxb6 Nf6+ 58. Kd3 g5 59. Nc8+
Kd7 60. Rxd6+ Kxc8 61. Rxf6 g4 62. Rh6 Ng6 63. Rxh7 g3 64. Rg7 Nf4+ 65. Ke4 g2
66. Kxe5 Nd3+ 67. Kd6 Nxb4 68. Rxg2 Nd3 69. c5 Nf4 70. Rg8+ 1-0

[Event "XtraCon-Skakligaen"]
[Site "Denmark"]
[Date "2010.11.07"]
[Round "2.2"]
[White "Schandorff, Lars"]
[Black "Mikkelsen, Nikolaj"]
[Result "1/2-1/2"]
[WhiteElo "2488"]
[BlackElo "2416"]
[PlyCount "92"]
[EventDate "2010.11.06"]
[EventType "team-tourn"]
[EventRounds "9"]
[WhiteTeam "Sydostfyn"]
[BlackTeam "BMS"]
[WhiteTeamCountry "DEN"]
[BlackTeamCountry "DEN"]

1. c4 g6 2. g3 Bg7 3. Bg2 c5 4. e3 Nc6 5. Ne2 e6 6. O-O Nge7 7. d4 cxd4 8. Nxd4
d5 9. cxd5 Nxd4 10. exd4 Nxd5 11. Nc3 O-O 12. Qb3 Bxd4 13. Nxd5 exd5 14. Bh6
Bg7 15. Bxg7 Kxg7 16. Bxd5 a5 17. Rac1 Qf6 18. Rc7 Ra6 19. Qc4 Bh3 20. Re1 Rb6
21. b3 Rb4 22. Qc2 b6 23. Rc6 Qd4 24. Rd1 Qe5 25. Bg2 Bg4 26. f3 Bf5 27. Qd2
Re8 28. f4 Qe2 29. Bf1 Qxd2 30. Rxd2 Be6 31. Kf2 Rb8 32. Bc4 Bxc4 33. bxc4 a4
34. Kf3 Rb7 35. h4 Re7 36. g4 Rb1 37. f5 gxf5 38. gxf5 Rf1+ 39. Rf2 Rxf2+ 40.
Kxf2 Re4 41. Kg3 h5 42. Rxb6 Rg4+ 43. Kh3 Rxc4 44. Kg3 Rg4+ 45. Kh3 Rf4 46. Kg3
Rg4+ 1/2-1/2